Statistiques concernant Focus sur: Alatar - Tolkien

Cliquez ici pour prendre le quiz!

Statistiques générales

  • Ce quiz a été pris 9 fois
  • Le résultat moyen est 5 sur 7

Statistiques - réponses

Informations recherchéesRéponses% Correct
Couleur associéeBleu
100%
EspèceIstar/Maia
100%
Première mentionLe Seigneur des Anneaux: La Communauté de l'Anneau
100%
Age durant lequel il vécut en Terre du MilieuTroisième
100%
ContréesValinor
78%
Groupe auquel il appartientIthryn Luin
11%
Vala associéOromë
11%

Distribution des résultats

Percentile par nombre de réponses

% des personnes avec chaque résultat

Votre développement - résultats

Vous n’avez pas pris ce quiz